عرض عادي
عرض مارك
- أبو عطية، السيد
مدخل إسم شخص
001 - رقم الضبط
- حقل الضبط: 61019
003 - معرف رقم الضبط
- حقل الضبط: OSt
005 - تاريخ ووقت أخر عملية
- حقل الضبط: 20180331143216.0
008 - عناصر بيانات ثابتة الطول
- حقل تحكم ثابت الطول: 180331|| aca||aabn | a|a d
040 ## - مصدر الفهرسة
- هيئة الفهرسة الأصلية: OSt
- وكالة الكتابة: OSt
100 ## - مدخل -- أسم شخص
- إسم شخص: أبو عطية، السيد
670 ## - بيانات المصدر موجوده
- الاستشهاد بالمصدر: Work cat.: (OSt): أبو عطية، السيد, الأمم المتحدة بين الإنهيار والإصلاح /, 2018.
